Представление документа в формате MARC21

Поле Инд. ПП Название Значение
Тип записи a
Библиографический уровень b
001 Контрольный номер b50f0252b07440fc9e2dfdec83bf5ed7
005 Дата корректировки 20260528113457.0
024 80 a Стандартный номер 10.48550/arXiv.2501.17321
040 a Служба первич. каталог. Scopus
041 0_ a Код языка текста eng
097 a Костяева О.Г.
100 1_ a Автор Arbuzova E. V.
c Титул (звания) доцент (ученое звание); доктор физико-математических наук; профессор (должность);
i 000091429
k Кафедра высшей математики; Общеобразовательные кафедры
q Полное имя Арбузова Елена Владимировна
u Дополнение Арбузова Е. В.; Arbuzova Elena V.
j Принадлежность неизвестного автора к последователям, ученикам, сторонникам, школе и т. д. государственный университет "Дубна"
g Прочие сведения РИНЦ AuthorID: 154244 (http://elibrary.ru/author_items.asp?authorid=154244); SPIN-код: 5150-7404 (http://elibrary.ru/author_items.asp?authorid=382599); Scopus Author ID: 35422071100 (https://www.scopus.com/authid/detail.uri?origin=resultslist&authorId=35422071100&zone=); ORCID ID: https://orcid.org/0000-0002-9652-3345
245 10 a Заглавие The highest energy cosmic rays from superheavy dark matter particles
773 18 t Название источника Proceedings of Science
b Сведения об издании Sissa Medialab Srl
c Italy
x ISSN 1824-8039
g Прочая информация V. 482). - P. 026
d Место и дата издания 2025
m Специф. данные входит в Scopus; сборник трудов конференции
o Прочие индексы scopus 0.11
w Контрольный № источника 427c302de3ec48df950d4e82f8826b43
901 t Тип документа b
952 c Вид литературы материалы конференции